Villes belges par image... alternative - Statistiques

Statistiques générales
  • Ce quiz a été pris 322 fois
  • Le résultat moyen est 6 sur 12
Statistiques - réponses
Par images Réponse % Correct
Liège
95%
Gand
90%
Saint-Nicolas
71%
Bruxelles
52%
Charleroi
51%
Lierre
48%
Mons
48%
Bouillon
39%
Tournai
27%
Spa
22%
Ixelles
11%
Tamise
9%
Aucun quiz correspondant
Distribution des résultats
% des personnes avec chaque résultat
Percentile par nombre de réponses
Votre historique - résultats
Vous n’avez pas pris ce quiz